Quizzes
Events
Quiz Creation
Community
Videos
Private Events
Remove Ads
Sign In
Join for FREE
Feedback
Dark Mode
Quiz Categories
Sports
Geography
Music
Movies
Television
Just For Fun
Miscellaneous
History
Literature
Language
Science
Gaming
Entertainment
Religion
Holiday
For Kids
Quiz Lab
Recent
Popular Today
Quiz Kudos Today
Editor Picks
Curator Picks
Quizzes by...
Day
Popularity
Type
Ratings
Length
Year
Community
Subscriptions
Recent Discussions
Orange Saloon
Badges
Playlists
Quests
Create
Leaderboards
Showdown
Live 5
Trivia Bingo
Activity
Puzzle Library
Sporcle Events
Private Events
Virtual Trivia
Globe League
Become a Host
Pub Owners
SporcleCon
Opinionation
Our Games
Videos
Blog
Mobile Apps
Partnerships
Remove Ads and Go Orange
Feedback
Gaming
Video Games
Board Games
Card Games
Pokémon
Mario
Nintendo
Minecraft
Console
Toys
Legend of Zelda
Gaming
Video Games
Board Games
Card Games
Pokémon
Mario
Nintendo
Minecraft
Console
Toys
Legend of Zelda
Random Quiz
Search Sporcle
×
Quiz Lab
Quiz Lab
Gaming
Video Games
Type in answers that appear in a list
Type in answers that appear in a list
Classic
Best Score? Go Orange.
Persona 4 Golden Questions Stats
How much of Persona 4 do you know?
By
Kirbyfier
10m
20 Questions
1,677 Plays
1,677 Plays
1,677 Plays
Comments
Comments
Give Quiz Kudos
Give Quiz Kudos
-
- Ratings
hide this ad
More Info
Forced Order
Answers have to be entered in order
Answers have to be entered in order
Replay
Link that replays current quiz
Next Quiz
Link to next quiz in quiz playlist
You Got
0%
They Got
Avg Score
78%
Avg Friend Score
Upgrade to see
Score Distribution
Jump to the score distribution portion of the page
Score
0/20
Timer
10:00
1
Play Today
Hint
Answer
% Correct
What is the canon name for the main protagonist?
Yu Narukami
95.3%
Who is the main antagonist of the game?
Adachi
95%
Name one of the two sports clubs you attend.
Soccer, Basketball
91.3%
Name the element Yukiko uses the most.
Fire
90.7%
Name the first Persona you get in the game.
Izanagi
90%
Whose Shadow attempts to change their gender?
Naoto Shirogane
89.8%
Name one spinoff of Persona 4.
Persona Q, Persona 4 Dancing All Night, Persona 4 Arena, Persona 4 Arena Ultimax
89.2%
What is the Arcana that depicts your investigation team?
Fool
88.5%
Whose Shadow appears after Rise's dungeon?
Teddie
85.4%
What weapon does Kanji fight with?
A chair
83.9%
Hint
Answer
% Correct
What kinds of movies does Chie love?
Kung-Fu
82.7%
Where does Rise's dungeon take place?
Marukyu Stripclub
80.1%
Name the true final antagonist.
Izanami-no-Okami
78.9%
What job leads you to making a social link with Eri?
Day Care
70.7%
What is Yosuke's worst stat?
Luck
69.6%
What does the interior of the Velvet Room appear to be?
A limousine
63.7%
Who is the only girl to kiss you in Valentine's Day?
Marie
62.7%
What other school does your school go to?
Gekkoukan High School
59.7%
Name the song played when it's cloudy.
Heartbeat, Heartbreak
52.4%
Name the song played in the Dojima Residence.
Signs of Love
50.1%
Quiz Playlist
Details
Report
Send in Message
Add To Playlist
More Info:
WARNING: CONTAINS SPOILERS, IF YOU HAVE NOT FINISHED THE GAME, BE WARNED.
Classic:
Type in answers that appear in a list
Forced Order:
Answers have to be entered in order
Last Updated: Apr 20, 2017
Quiz Scoreboard
CHALLENGE
Sign Up to Join the Scoreboard
Show All
Scores
Hide
Comments
May contain spoilers
Recently Published
Presidents Visiting Landmarks
by Hejman
History
7m
An Introduction to Baseball
by treessimontrees
Sports
5m
Movies - When Are They Set?
by FPL_Elf
Movies
5m
More to Explore
Quiz From the Vault
Featured Blog Post
Where Did the Easter Bunny Come From?
hide this ad
You Might Also Like...
Tags
Video Games Quiz
Persona
Playstation
Sony
Today's Top Quizzes in Gaming
Browse Gaming
hide this ad
Today's Top Quizzes in Video Games
Browse Video Games
Top Contributed Quizzes in Gaming
1
5-to-1: Consoles
2
5-to-1: Legend of Zelda
3
7-to-1: Board Game Piece Blitz
4
Destiny 2 exotic weapons by perk icons
5
Ultimate Genshin Impact Logic Puzzle (up to 4.3)
6
Franchise by Action Figure
7
Genshin Impact Logic Puzzle Quiz
8
Who's on the WWE 2K24 Cover?
9
Overwatch Logic Puzzle
10
League of Legends Pro Players by Career/Team History
Explore More
Trending Topics
Kpop
Harry Potter
Marvel
Anime
NBA
Disney
Crossword
Puzzle
NFL
Song
Pokémon
The Office
Country
Soccer
WWE
hide this ad
More By:
Kirbyfier
Quiz
Plays
Rating
Category
Featured
Created
Useless Undertale Knowledge
2,971
2.79
Gaming
Jun 6, 2016
Persona 4 Golden Questions
1,677
4.00
Gaming
Jul 11, 2016
Fire Emblem 'Lost in Thoughts All Alone' Lyrics
1,042
4.50
Gaming
Mar 24, 2016
Steven Universe 'Haven't You Noticed' Lyrics
549
3.20
Television
Apr 7, 2016
Smash Bros Wii U Taunts
291
Gaming
Mar 21, 2016
Go to Creator's Profile
Score Distribution
Quiz Creator Spotlight
Kirbyfier
Follow
Send a Message
Quizzes Created
-
Created Quiz Play Count
-
More By This Creator
Popular Quizzes Today
1
Find the US States - No Outlines Minefield
2
Find the Countries of Europe - No Outlines Minefield
3
The Countries of the World
4
Find the US States
5
Popular People in 1961
6
US States
7
Risky Map Clicking: Biggest States A-Z
8
Movies - When Are They Set?
More Gaming Quizzes
Vowel-less Pokémon
Published
Trending Quizzes
Risky Map Clicking: Least Populous States A-Z
1-10 Letter G Words
1-10 Letter F Words
Risky Map Clicking: Next State Alphabetically
Risky Map Clicking: Biggest States A-Z
Recently Updated
Leaping Animals
pecheneg
Reality TV Shows (A-Z)
bhenderson79
Rickey Henderson's Hall of Fame Teammates
pecheneg
Champions League XIs: Arsenal
pecheneg
Quick Pick: Celebrities in WWE's Hall of Fame
aduchscher
A-Z Keypad Blitz II
pecheneg
Multiple Oscar Actors
pecheneg
Mystery Phrase Blitz: Oscar 'Best Actors'
pecheneg
F. Scott Fitzgerald Novels
LTH
Pick 3 Villains
ddd62291
Trending Topics
Disney
Anime
Harry Potter
Kpop
Marvel
NBA
Crossword
WWE
Puzzle
Soccer
Song
The Office
Country
NFL
Pokémon
Your Account Isn't Verified!
In order to create a playlist on Sporcle, you need to verify the email address you used during registration. Go to your
Sporcle Settings
to finish the process.
Report this User
Report this user for behavior that violates our
Community Guidelines
.
Details:
Send Report
Go to the Sporcle.com Mobile Site →
Comments